000 00839cam a22002652 4500
001 0000003723
005 20151217151930.0
008 070514s xx 000 0 eng d
020 _a0471522783 :
_cGBP 47.95
020 _a0471522783 (hbk)
040 _aKABU
_cKABU
050 0 _aQC23
_b.S74 1991
100 1 _aSternheim, Morton M.
_@0000153821
245 1 0 _aGeneral physics /
_cMorton M. Sternheim, Joseph W. Kane.
250 _a2nd ed.
260 _aNew York :
_bJ. Wiley,
_c1991.
300 _axix, 891 p.
650 0 _aPhysics.
_@0000153778
700 1 _aKane, Joseph W.
_@0000153822
852 1 _9p5420 KES (hbk)
852 1 _9p5420 KES (hbk)
908 _a070514
950 _@1
999 _c6472
_d6472